Σχολείο και ετερότητα : ο ρόλος του φιλολόγου στη σύγχρονη σχολική πραγματικότητα
Αποθηκεύτηκε σε:
| Συγγραφή απο Οργανισμό/Αρχή: | |
|---|---|
| Μορφή: | Βιβλίο |
| Γλώσσα: | Greek |
| Δημοσίευση: |
Αθήνα :
Πανελλήνια Ενωση Φιλολόγων,
1998
|
| Σειρά: | Σεμινάριο Πανελλήνιας Ένωσης Φιλολόγων ;
; 24 |
| Θέματα: | |
| Ετικέτες: |
Προσθήκη ετικέτας
Δεν υπάρχουν, Καταχωρήστε ετικέτα πρώτοι!
|
MARC
| LEADER | 00000nam a2200000 i 4500 | ||
|---|---|---|---|
| 001 | 1/10898 | ||
| 008 | 000906s1999 gre d | ||
| 035 | |l 10063629 | ||
| 040 | |a GR-MY-UA |b gre |e aacr | ||
| 041 | 0 | |a gre | |
| 082 | 0 | |a 370.11709495 | |
| 110 | 1 | |a Πανελλήνια Ένωση Φιλολόγων. | |
| 245 | 1 | 0 | |a Σχολείο και ετερότητα : |b ο ρόλος του φιλολόγου στη σύγχρονη σχολική πραγματικότητα / |c Πανελλήνια Ένωση Φιλολόγων |
| 260 | |a Αθήνα : |b Πανελλήνια Ενωση Φιλολόγων, |c 1998 | ||
| 300 | |a 170 σ. | ||
| 490 | 1 | |a Σεμινάριο Πανελλήνιας Ένωσης Φιλολόγων |v ; 24 |x 1105-1724 | |
| 650 | 0 | 0 | |a Multicultural education |z Greece. |
| 650 | 0 | 0 | |a Minorities |x Education |z Greece. |
| 650 | 0 | 0 | |a Educational equalization |z Greece. |
| 650 | 0 | 0 | |a Discrimination in education |z Greece. |
| 830 | 0 | |a Σεμινάριο Πανελλήνιας Ένωσης Φιλολόγων ; |v ; 24 |x 1105-1724 | |
| 852 | |a INST |b RHODES |e 20000906 |h 370.11709495 ΠΑΝ |p 005400013402 |q 005400013402 |t BK |y 0 | ||
| 901 | |a BIBL4-2000-2 | ||
| 909 | |a Ρ |b 078536 | ||
| 922 | |a 4ΔΩΡ |b 200004 |c ΔΩΡΕΑ | ||
| 970 | |z 2000/09/ΧΡΥΣΑΝΘΗ | ||